000 00310nam a2200133Ia 4500
008 240624s9999 xx 000 0 und d
041 _aeng
082 _a823 AHM
100 _aAHMAD JAMIL
245 _aWANDERING FALCON
260 _c2011
_aNew Delhi
_bHamish Hamilton
300 _a192 : p.
365 _cRS
_b25
999 _c17297
_d17297